[Event "Bogota Centro Comercial op 2nd"]
[Site "Bogota"]
[Date "2024.04.14"]
[Round "3"]
[White "Conti, Julian"]
[Black "Obando Guzman, Soren Federico"]
[Result "0-1"]
[WhiteElo "1911"]
[BlackElo "2185"]
[PlyCount "99"]
[EventDate "2024.04.14"]
[EventType "swiss"]
[EventRounds "7"]
[EventCountry "COL"]
[SourceTitle "CB16_2024"]
[SourceDate "2024.04.17"]
[SourceVersion "1"]
[SourceVersionDate "2024.04.17"]
[SourceQuality "1"]

1. e4 c5 2. Nf3 d6 3. d4 cxd4 4. Nxd4 Nf6 5. Nc3 a6 6. Bg5 e6 7. f4 h6 8. Bxf6 Qxf6 9. Qd2 Nc6 10. e5 dxe5 11. Nxc6 bxc6 12. fxe5 Qxe5+ 13. Be2 Bc5 14. Rf1 0-0 15. Qf4 Qxf4 16. Rxf4 Rb8 17. Na4 Bd6 18. Rh4 Be7 19. Rc4 Rd8 20. Rd1 Rxd1+ 21. Bxd1 Bd7 22. b3 Rb5 23. Bf3 Re5+ 24. Kf2 c5 25. Nb6 Bb5 26. Rc3 Bd8 27. Nc4 Rg5 28. a4 Bxc4 29. Rxc4 Kf8 30. Bb7 a5 31. h3 Ke7 32. Ke2 Kd6 33. Bf3 Re5+ 34. Kd3 f5 35. Rc3 Bg5 36. Kc4 Re3 37. Rd3+ Rxd3 38. Kxd3 e5 39. Bh5 Bc1 40. Bg6 Ke6 41. Kc4 Ba3 42. g4 fxg4 43. hxg4 Kf6 44. Be8 Kg5 45. Bd7 e4 46. Bf5 Kf4 47. c3 e3 48. Kd3 Kf3 49. Be6 e2 50. Kd2 0-1

[Event "Bogota Centro Comercial op 2nd"]
[Site "Bogota"]
[Date "2024.04.14"]
[Round "2"]
[White "Obando Guzman, Soren Federico"]
[Black "Galan Sanchez, Kevin Felipe"]
[Result "1-0"]
[WhiteElo "2185"]
[BlackElo "1789"]
[PlyCount "158"]
[EventDate "2024.04.14"]
[EventType "swiss"]
[EventRounds "7"]
[EventCountry "COL"]
[SourceTitle "CB16_2024"]
[SourceDate "2024.04.17"]
[SourceVersion "1"]
[SourceVersionDate "2024.04.17"]
[SourceQuality "1"]

1. Nf3 Nf6 2. g3 g6 3. Bg2 Bg7 4. 0-0 0-0 5. d4 d6 6. c4 Re8 7. Nc3 Nbd7 8. e4 e5 9. h3 exd4 10. Nxd4 Nc5 11. Re1 a6 12. f3 Nh5 13. Kh2 Bd7 14. Be3 h6 15. Qc2 Ne6 16. Nde2 Qc8 17. Rad1 Ng5 18. g4 Nf6 19. Ng3 Bc6 20. f4 Ngh7 21. Nd5 Bd7 22. Bf2 Nxd5 23. cxd5 Qd8 24. Rc1 Rc8 25. Ne2 g5 26. Kh1 gxf4 27. Nxf4 Qf6 28. Nd3 Ng5 29. Bg3 Qg6 30. e5 dxe5 31. Nxe5 Qxc2 32. Rxc2 Bb5 33. b3 a5 34. Nc4 Rxe1+ 35. Bxe1 a4 36. Nd6 axb3 37. axb3 Bd3 38. Nxc8 Bxc2 39. b4 Ne4 40. Ne7+ Kf8 41. Nf5 Nd6 42. Bg3 Bxf5 43. gxf5 Ke7 44. Bf1 Bf6 45. Bd3 Kd7 46. Kg2 Bc3 47. b5 f6 48. Kf3 Nf7 49. Kg4 Be5 50. Bf2 Kd6 51. Bc2 Bc3 52. Kh5 Bd2 53. Kg6 Ke7 54. Bd4 Bg5 55. Bc5+ Nd6 56. Bd3 Kd7 57. Be2 Ke7 58. Bf2 Ne4 59. Be1 Kd6 60. h4 Bf4 61. Bf3 Kxd5 62. Bxe4+ Kxe4 63. Kxf6 Kd5 64. Bf2 c5 65. bxc6 bxc6 66. Kg7 c5 67. f6 Be5 68. Kg6 c4 69. f7 Bd6 70. Kxh6 Bf8+ 71. Kh7 Ke6 72. Kg8 Bh6 73. Bd4 Kd5 74. Kh7 Bf8 75. Bg7 Be7 76. f8Q Bxf8 77. Bxf8 c3 78. Ba3 Ke4 79. Kg6 Kd5 1-0

[Event "COL-chT"]
[Site "Risaralda"]
[Date "2023.11.20"]
[Round "3.3"]
[White "Gonzalez Delgado, Hugo Andres"]
[Black "Obando Guzman, Soren Federico"]
[Result "1-0"]
[WhiteElo "1960"]
[BlackElo "2085"]
[PlyCount "103"]
[EventDate "2023.11.19"]
[EventType "team-swiss"]
[EventRounds "7"]
[EventCountry "COL"]
[SourceTitle "CB49_2023"]
[SourceDate "2023.12.06"]
[SourceVersion "1"]
[SourceVersionDate "2023.12.06"]
[SourceQuality "1"]
[WhiteTeam "Santander"]
[BlackTeam "Bogota"]
[WhiteTeamCountry "COL"]
[BlackTeamCountry "COL"]

1. e4 c5 2. Nc3 a6 3. g3 b5 4. Bg2 Bb7 5. d3 e6 6. Nh3 Nf6 7. 0-0 b4 8. Nb1 d5 9. Nd2 Be7 10. e5 Nfd7 11. Qg4 g6 12. Nf3 Nc6 13. Re1 Qc7 14. Bh6 Ndxe5 15. Nxe5 Nxe5 16. Qf4 Bd6 17. Qf6 Rg8 18. Bf4 Ng4 19. Qg5 h5 20. Bxd6 Qxd6 21. f3 f6 22. Qh4 Nh6 23. Qxf6 Kd7 24. Nf4 Rae8 25. Nxg6 Nf5 26. c3 d4 27. cxb4 cxb4 28. Rac1 Rxg6 29. Qxg6 h4 30. Kf2 Re7 31. Qg5 hxg3+ 32. hxg3 Rg7 33. Qf4 Qb6 34. g4 Ne3 35. Rxe3 dxe3+ 36. Qxe3 Qd6 37. d4 Bd5 38. b3 Rf7 39. Qe5 Qb6 40. Rc5 Qb7 41. Qe3 Qb8 42. Qe5 Qb7 43. Qh5 Ke7 44. g5 Qb8 45. g6 Rg7 46. Qh4+ Kd7 47. Bh3 Qh2+ 48. Ke3 Qg1+ 49. Kd2 Qh2+ 50. Kd3 Qd6 51. Qf6 Qe7 52. Rxd5+ 1-0

[Event "COL-chT"]
[Site "Risaralda"]
[Date "2023.11.19"]
[Round "2.2"]
[White "Bolanos Lopez, Juan Jacobo"]
[Black "Obando Guzman, Soren Federico"]
[Result "1-0"]
[WhiteElo "1958"]
[BlackElo "2085"]
[PlyCount "61"]
[EventDate "2023.11.19"]
[EventType "team-swiss"]
[EventRounds "7"]
[EventCountry "COL"]
[SourceTitle "CB49_2023"]
[SourceDate "2023.12.06"]
[SourceVersion "1"]
[SourceVersionDate "2023.12.06"]
[SourceQuality "1"]
[WhiteTeam "Cauca"]
[BlackTeam "Bogota"]
[WhiteTeamCountry "COL"]
[BlackTeamCountry "COL"]

1. e4 c5 2. Nf3 d6 3. Bb5+ Nd7 4. c4 Ngf6 5. Nc3 e6 6. d4 cxd4 7. Nxd4 Be7 8. 0-0 0-0 9. Ba4 Qc7 10. Qe2 a6 11. f4 Nb6 12. Bb3 Bd7 13. g4 e5 14. Nf5 Bxf5 15. exf5 Nfd7 16. g5 exf4 17. Bxf4 Rfe8 18. g6 Nc5 19. Qh5 hxg6 20. fxg6 fxg6 21. Nd5 Qd8 22. Qxg6 Bf6 23. Bc2 Nxd5 24. Bh6 Nf4 25. Rxf4 Ne6 26. Rxf6 Qxf6 27. Qh7+ Kf8 28. Rf1 Qxf1+ 29. Kxf1 gxh6 30. Bg6 Ng5 31. Qxh6+ 1-0

[Event "COL-chT"]
[Site "Risaralda"]
[Date "2023.11.19"]
[Round "1.2"]
[White "Obando Guzman, Soren Federico"]
[Black "Figueroa Navarro, Juan Jose"]
[Result "1-0"]
[WhiteElo "2085"]
[BlackElo "1960"]
[PlyCount "62"]
[EventDate "2023.11.19"]
[EventType "team-swiss"]
[EventRounds "7"]
[EventCountry "COL"]
[SourceTitle "CB49_2023"]
[SourceDate "2023.12.06"]
[SourceVersion "1"]
[SourceVersionDate "2023.12.06"]
[SourceQuality "1"]
[WhiteTeam "Bogota"]
[BlackTeam "Narino"]
[WhiteTeamCountry "COL"]
[BlackTeamCountry "COL"]

1. d4 d5 2. c4 c6 3. Nf3 Nf6 4. e3 Bf5 5. Nc3 dxc4 6. Bxc4 e6 7. 0-0 Nbd7 8. Qe2 Be7 9. h3 Nb6 10. Bb3 0-0 11. e4 Bg6 12. Rd1 Bb4 13. Bc2 Qc7 14. Ne5 Nfd7 15. Nxg6 hxg6 16. Bg5 e5 17. a3 exd4 18. axb4 dxc3 19. bxc3 Qe5 20. Bd2 Qe6 21. Be3 Rfc8 22. f4 c5 23. b5 Nf6 24. Qf3 Qc4 25. e5 Nfd5 26. Bd2 Qxb5 27. f5 Qe8 28. fxg6 fxg6 29. Qg4 Rc6 30. c4 Nb4 31. Bxb4 cxb4 1-0

[Event "Medellin de La Raza op"]
[Site "Medellin"]
[Date "2023.10.15"]
[Round "8"]
[White "Rios Parra, Alejandro"]
[Black "Obando Guzman, Soren Federico"]
[Result "1/2-1/2"]
[WhiteElo "2185"]
[BlackElo "2038"]
[PlyCount "61"]
[EventDate "2023.10.12"]
[EventType "swiss"]
[EventRounds "10"]
[EventCountry "COL"]
[SourceTitle "Mega2024 Update 01"]
[Source "Chessbase"]
[SourceDate "2023.11.12"]
[SourceVersion "1"]
[SourceVersionDate "2023.11.12"]
[SourceQuality "1"]

1. e4 c5 2. Nf3 d6 3. d4 cxd4 4. Nxd4 Nf6 5. Nc3 Nc6 6. Bg5 Bd7 7. Qd2 Rc8 8. 0-0-0 Nxd4 9. Qxd4 Qa5 10. Bd2 a6 11. f3 Qc5 12. Qxc5 Rxc5 13. Be3 Rc7 14. Bd4 e5 15. Be3 h6 16. g4 Be6 17. h4 Be7 18. Bd3 g6 19. Kb1 h5 20. g5 Nd7 21. Be2 0-0 22. Nd5 Bxd5 23. Rxd5 f6 24. gxf6 Nxf6 25. Rd2 Ne8 26. Bd1 Kh7 27. Rg2 Bd8 28. c3 Rcf7 29. Rh3 Nc7 30. Rgg3 Ne6 31. Bb3 1/2-1/2

[Event "Medellin de La Raza op"]
[Site "Medellin"]
[Date "2023.10.14"]
[Round "5"]
[White "Cordoba Roa, Angel Gabriel"]
[Black "Obando Guzman, Soren Federico"]
[Result "1-0"]
[WhiteElo "2285"]
[BlackElo "2038"]
[PlyCount "85"]
[EventDate "2023.10.12"]
[EventType "swiss"]
[EventRounds "10"]
[EventCountry "COL"]
[SourceTitle "Mega2024 Update 01"]
[Source "Chessbase"]
[SourceDate "2023.11.12"]
[SourceVersion "1"]
[SourceVersionDate "2023.11.12"]
[SourceQuality "1"]

1. e4 c5 2. Nf3 d6 3. d4 cxd4 4. Nxd4 Nf6 5. Nc3 Nc6 6. Bg5 Bd7 7. Qd2 Rc8 8. f4 Nxd4 9. Qxd4 Qa5 10. e5 dxe5 11. fxe5 e6 12. 0-0-0 Bc6 13. Bb5 Nd5 14. Bxc6+ bxc6 15. Bd2 Qb6 16. Qc4 Ne3 17. Bxe3 Qxe3+ 18. Kb1 Qxe5 19. Rhe1 Qc7 20. Ne2 Be7 21. Nf4 Rd8 22. Rxd8+ Bxd8 23. Nh5 0-0 24. Qd4 f6 25. Qc4 Qxh2 26. Nf4 Kh8 27. Nxe6 Rg8 28. Qxc6 Ba5 29. Rd1 Qe5 30. Qd5 Qe2 31. Nf4 Qg4 32. Rd4 Bb6 33. Re4 Qg3 34. a3 Bc7 35. Ne6 Bb6 36. Nf4 Bc7 37. Ne6 Bb6 38. Rc4 Qe1+ 39. Ka2 Qe2 40. Nf4 Qg4 41. Qf7 Rb8 42. Re4 Qc8 43. Ng6+ 1-0

[Event "Bucaramanga op"]
[Site "Bucaramanga"]
[Date "2023.09.06"]
[Round "1"]
[White "Obando Guzman, Soren Federico"]
[Black "Hernandez Serrano, Cristhian Daniel"]
[Result "1-0"]
[WhiteElo "2029"]
[BlackElo "1722"]
[PlyCount "79"]
[EventDate "2023.09.06"]
[EventType "swiss"]
[EventRounds "9"]
[EventCountry "COL"]
[SourceTitle "EXT 2024"]
[Source "ChessBase"]
[SourceDate "2023.10.10"]
[SourceVersion "1"]
[SourceVersionDate "2023.10.10"]
[SourceQuality "1"]

1. Nf3 Nf6 2. g3 g6 3. Bg2 Bg7 4. 0-0 0-0 5. c4 c6 6. b3 d5 7. Bb2 dxc4 8. bxc4 Qa5 9. d3 Qh5 10. h4 Bg4 11. Qb3 Nbd7 12. Nbd2 e5 13. Rab1 Rab8 14. Qa3 a6 15. Bc3 Rfe8 16. Bb4 Bf8 17. Bxf8 Nxf8 18. Qd6 Qf5 19. e4 Qe6 20. Qa3 Qe7 21. c5 Ne6 22. Nxe5 Qxc5 23. Qxc5 Nxc5 24. d4 Rbd8 25. Nxg4 Nxg4 26. Nf3 Nxe4 27. Rxb7 Nc3 28. Ng5 Ne2+ 29. Kh1 Nxd4 30. Nxf7 Rb8 31. Rd7 Nf5 32. Bf3 Nf6 33. Ra7 Ne4 34. Bxe4 Rxe4 35. Ng5 Ra4 36. Nxh7 Rb2 37. Nf6+ Kf8 38. Re1 Nd6 39. Nd7+ Kg8 40. Re7 1-0

[Event "Medellin Flores op 30th"]
[Site "Medellin"]
[Date "2023.08.06"]
[Round "7"]
[White "Hernandez, Elvert"]
[Black "Obando Guzman, Soren Federico"]
[Result "1/2-1/2"]
[WhiteElo "1895"]
[BlackElo "2038"]
[PlyCount "81"]
[EventDate "2023.08.03"]
[EventType "swiss"]
[EventRounds "9"]
[EventCountry "COL"]
[SourceTitle "CBM 215 Extra"]
[Source "ChessBase"]
[SourceDate "2023.09.30"]
[SourceVersion "1"]
[SourceVersionDate "2023.09.30"]
[SourceQuality "1"]

1. e4 c5 2. Nf3 d6 3. d4 cxd4 4. Nxd4 Nf6 5. Nc3 a6 6. Be3 e5 7. Nb3 Be7 8. f3 Be6 9. Qd2 Nbd7 10. g4 b5 11. g5 b4 12. Ne2 Nh5 13. Ng3 Nf4 14. h4 0-0 15. 0-0-0 a5 16. Nf5 Bxf5 17. exf5 Qc7 18. Bxf4 exf4 19. Qxf4 Rfc8 20. Nd4 a4 21. Kb1 a3 22. b3 Qc3 23. Qc1 Nb6 24. Rd3 Qc5 25. Bh3 Rc7 26. c4 bxc3 27. Nc2 Nc4 28. Qf4 Nd2+ 29. Ka1 Qf2 30. Qh2 Qxh4 31. f4 d5 32. Bg2 Qxh2 33. Rxh2 Rd8 34. Rdh3 h6 35. gxh6 gxh6 36. Rxh6 Bf8 37. Rh8+ Kg7 38. R2h6 Be7 39. Nd4 Bf8 40. R8h7+ Kg8 41. Nc2 1/2-1/2

[Event "Medellin Flores op 30th"]
[Site "Medellin"]
[Date "2023.08.06"]
[Round "6"]
[White "Obando Guzman, Soren Federico"]
[Black "Palencia Morales, Wilson Guillermo"]
[Result "0-1"]
[WhiteElo "2038"]
[BlackElo "2283"]
[PlyCount "66"]
[EventDate "2023.08.03"]
[EventType "swiss"]
[EventRounds "9"]
[EventCountry "COL"]
[SourceTitle "CBM 215 Extra"]
[Source "ChessBase"]
[SourceDate "2023.09.30"]
[SourceVersion "1"]
[SourceVersionDate "2023.09.30"]
[SourceQuality "1"]

1. d4 d5 2. c4 dxc4 3. Nf3 Nf6 4. e3 e6 5. Bxc4 a6 6. 0-0 c5 7. b3 b5 8. Be2 Bb7 9. a4 b4 10. Bb2 Nbd7 11. Nbd2 Be7 12. Nc4 0-0 13. Nfe5 cxd4 14. Bxd4 Nc5 15. Rc1 Rc8 16. Qc2 Nd5 17. Rfd1 f6 18. Nd3 Ne4 19. Bf3 Ng5 20. Bg4 Qe8 21. Nf4 Qc6 22. Nxd5 exd5 23. Bxc8 Rxc8 24. Na5 Qxc2 25. Rxc2 Rxc2 26. Nxb7 Ne4 27. f3 Nc3 28. Rd3 Ne2+ 29. Kf1 Nc1 30. Rd1 Nxb3 31. Bb6 Nd2+ 32. Ke1 b3 33. Ba5 Nc4 0-1

[Event "Medellin Flores op 30th"]
[Site "Medellin"]
[Date "2023.08.04"]
[Round "3"]
[White "Baules Rodriguez, Jorge Luis"]
[Black "Obando Guzman, Soren Federico"]
[Result "1-0"]
[WhiteElo "2290"]
[BlackElo "2038"]
[PlyCount "95"]
[EventDate "2023.08.03"]
[EventType "swiss"]
[EventRounds "9"]
[EventCountry "COL"]
[SourceTitle "CBM 215 Extra"]
[Source "ChessBase"]
[SourceDate "2023.09.30"]
[SourceVersion "1"]
[SourceVersionDate "2023.09.30"]
[SourceQuality "1"]

1. e4 c5 2. Nc3 a6 3. Nf3 d6 4. d4 cxd4 5. Nxd4 Nf6 6. Be3 e5 7. Nb3 Be6 8. Qd2 Nbd7 9. f4 exf4 10. Bxf4 Ne5 11. 0-0-0 Be7 12. Nd4 Rc8 13. Nf5 Bxf5 14. exf5 0-0 15. Kb1 b5 16. g4 b4 17. Nd5 Nxd5 18. Qxd5 Qc7 19. Rd2 Nc4 20. Bxc4 Qxc4 21. Bxd6 Bxd6 22. Qxd6 Qxg4 23. f6 g6 24. Rhd1 h5 25. Qxa6 Ra8 26. Qe2 Qf5 27. Qc4 Qxf6 28. Rd6 Qf5 29. Qxb4 Rfb8 30. Qc4 Rc8 31. Qd3 Qe5 32. Qd5 Qg7 33. Rg1 Kh7 34. Rd7 Rf8 35. Rf1 Rae8 36. a4 Kg8 37. a5 Re5 38. Qd2 Rb5 39. b3 Qe5 40. b4 Rxa5 41. Qd4 Qb8 42. Rfxf7 Rxf7 43. Rd8+ Rf8 44. Rxb8 Rxb8 45. Qc4+ Kh8 46. Qc3+ Kg8 47. Qb3+ Kf8 48. bxa5 1-0

[Event "Rivera Huila Hernandez Memorial-B"]
[Site "Rivera Huila"]
[Date "2023.07.21"]
[Round "2"]
[White "Obando Guzman, Soren Federico"]
[Black "Luna Velandia, Juan Sebastian"]
[Result "1-0"]
[WhiteElo "2065"]
[BlackElo "1694"]
[PlyCount "85"]
[EventDate "2023.07.20"]
[EventType "swiss"]
[EventRounds "7"]
[EventCountry "COL"]
[SourceTitle "CBM 215 Extra"]
[Source "ChessBase"]
[SourceDate "2023.09.30"]
[SourceVersion "1"]
[SourceVersionDate "2023.09.30"]
[SourceQuality "1"]

1. Nf3 Nf6 2. g3 g6 3. Bg2 Bg7 4. 0-0 0-0 5. d4 d5 6. c4 c6 7. Nc3 Bf5 8. Qb3 Qb6 9. Ne5 Rd8 10. cxd5 Qxb3 11. axb3 cxd5 12. Nb5 Na6 13. Bg5 h6 14. Bd2 e6 15. Rfc1 Nd7 16. Ba5 Nxe5 17. Bxd8 Nc6 18. Ba5 Bxd4 19. Rxc6 Bxb2 20. Rcc1 Bxa1 21. Rxa1 Nc5 22. Bb6 Nxb3 23. Rxa7 Rxa7 24. Bxa7 Bc2 25. Nd6 Na5 26. Bb6 Nc4 27. Nxc4 dxc4 28. Bxb7 Kf8 29. Kf1 Ke7 30. Ke1 Kd6 31. Kd2 Ba4 32. Kc3 Bc2 33. Kd2 Ba4 34. Kc3 Bd1 35. e4 Be2 36. Bd4 e5 37. Be3 h5 38. Bd5 f5 39. Bxc4 Bf3 40. exf5 gxf5 41. Kd2 Bg4 42. Be2 Kd5 43. h4 1-0

[Event "Rivera Huila Hernandez Memorial-B"]
[Site "Rivera Huila"]
[Date "2023.07.20"]
[Round "1"]
[White "Largo Chaparro, Sofia Alejandra"]
[Black "Obando Guzman, Soren Federico"]
[Result "0-1"]
[WhiteElo "1395"]
[BlackElo "2065"]
[PlyCount "40"]
[EventDate "2023.07.20"]
[EventType "swiss"]
[EventRounds "7"]
[EventCountry "COL"]
[SourceTitle "CBM 215 Extra"]
[Source "ChessBase"]
[SourceDate "2023.09.30"]
[SourceVersion "1"]
[SourceVersionDate "2023.09.30"]
[SourceQuality "1"]

1. e4 c5 2. Nf3 e6 3. d4 cxd4 4. Nxd4 Nc6 5. Nc3 Qc7 6. a3 Nf6 7. Be2 d6 8. Be3 Bd7 9. Qd2 a6 10. f3 Be7 11. 0-0-0 0-0 12. g4 Rfc8 13. g5 Ne8 14. h4 b5 15. Nxc6 Bxc6 16. Na2 a5 17. Qc3 Qb7 18. Qb3 d5 19. e5 b4 20. axb4 axb4 0-1

[Event "Pasto Futuros Maestros-A"]
[Site "Pasto"]
[Date "2023.01.14"]
[Round "3"]
[White "Barreiro Jurado, Frank"]
[Black "Obando Guzman, Soren Federico"]
[Result "1/2-1/2"]
[WhiteElo "1992"]
[BlackElo "2070"]
[PlyCount "115"]
[EventDate "2023.01.13"]
[EventType "tourn"]
[EventRounds "7"]
[EventCountry "COL"]
[SourceTitle "CBM 212 Extra"]
[Source "ChessBase"]
[SourceDate "2023.03.31"]
[SourceVersion "1"]
[SourceVersionDate "2023.03.31"]
[SourceQuality "1"]

1. Nf3 d5 2. d4 Nf6 3. g3 Bg4 4. Bg2 Nbd7 5. 0-0 e6 6. c4 c6 7. Nc3 Be7 8. Qb3 Qb6 9. c5 Qa6 10. Re1 Bxf3 11. Bxf3 b6 12. cxb6 axb6 13. e4 dxe4 14. Nxe4 Nd5 15. Bg5 Bxg5 16. Nxg5 N7f6 17. Qc2 Rc8 18. Nxe6 fxe6 19. Rxe6+ Kf7 20. Rxc6 Rxc6 21. Qxc6 Rd8 22. a4 Qc8 23. Qb5 Qd7 24. Qb3 Ra8 25. Qc4 Ra5 26. b4 b5 27. Qc5 Rxa4 28. Re1 Nxb4 29. Be2 Na6 30. Qxb5 Qxd4 31. Qb7+ Kg6 32. Bxa6 Rb4 33. Qf3 h5 34. Bd3+ Kf7 35. Rc1 Qd6 36. Qf5 Rb8 37. Qg6+ Kf8 38. Bc4 Qc7 39. Rc2 Rb1+ 40. Kg2 Qb7+ 41. f3 Qa7 42. Ra2 Rg1+ 43. Kh3 Qd7+ 44. Kh4 Qd4+ 45. g4 Qxc4 46. Ra8+ Ke7 47. Qxg7+ Ke6 48. Re8+ Kd5 49. Qf7+ Kd4 50. Qxf6+ Kd3 51. Rd8+ Ke2 52. Qe5+ Kxf3 53. Rf8+ Kg2 54. Qg3+ Kh1 55. Qf3+ Rg2 56. Rf4 Qg8 57. Rd4 hxg4 58. Qxg2+ 1/2-1/2

[Event "Cali Valle Colombia op-B"]
[Site "Cali Valle Colombia"]
[Date "2022.12.26"]
[Round "1"]
[White "Obando Guzman, Soren Federico"]
[Black "Triana Castro, Francisco Javier"]
[Result "1-0"]
[WhiteElo "2070"]
[BlackElo "1596"]
[PlyCount "95"]
[EventDate "2022.12.26"]
[EventType "swiss"]
[EventRounds "8"]
[EventCountry "COL"]
[SourceTitle "CBM 211 Extra"]
[Source "ChessBase"]
[SourceDate "2023.01.31"]
[SourceVersion "1"]
[SourceVersionDate "2023.01.31"]
[SourceQuality "1"]

1. d4 d5 2. c4 c6 3. Nf3 Nf6 4. e3 Bg4 5. h3 Bxf3 6. Qxf3 e6 7. Bd3 Bb4+ 8. Nc3 Nbd7 9. 0-0 0-0 10. Bd2 dxc4 11. Bxc4 Re8 12. a3 Be7 13. Rfd1 Qb6 14. Qe2 Rad8 15. Be1 Nf8 16. b4 a6 17. Rab1 Rd7 18. a4 Bxb4 19. Na2 a5 20. Nxb4 axb4 21. Rxb4 Qa7 22. a5 Red8 23. Rdb1 Ng6 24. Qb2 Rb8 25. Rb6 Ne7 26. a6 Nfd5 27. Bxd5 Nxd5 28. Rxc6 b6 29. e4 Nf4 30. Rxb6 Rbd8 31. Bc3 h6 32. Qd2 Qc7 33. Ba5 Rxd4 34. Qe1 Qe7 35. g3 Nxh3+ 36. Kg2 Ng5 37. Rb7 Qf6 38. Qe3 Rxe4 39. Bxd8 Qf5 40. Bxg5 Rxe3 41. Bxe3 Qe4+ 42. Kg1 h5 43. a7 h4 44. Rb8+ Kh7 45. a8Q Qf5 46. Rh8+ Kg6 47. Rb4 hxg3 48. Qg2 1-0

[Event "Pereira Gildardo Garcia Memorial-A"]
[Site "Pereira"]
[Date "2022.05.22"]
[Round "10"]
[White "Obando Guzman, Soren Federico"]
[Black "Lopez Padilla, Piero Raul"]
[Result "1-0"]
[WhiteElo "2041"]
[BlackElo "1970"]
[PlyCount "49"]
[EventDate "2022.05.18"]
[EventType "swiss"]
[EventRounds "10"]
[EventCountry "COL"]
[SourceTitle "CBM 208 Extra"]
[Source "ChessBase"]
[SourceDate "2022.07.31"]
[SourceVersion "1"]
[SourceVersionDate "2022.07.31"]
[SourceQuality "1"]

1. d4 d5 2. c4 e6 3. Nf3 Nf6 4. g3 Be7 5. Bg2 0-0 6. 0-0 dxc4 7. Qc2 b5 8. a4 b4 9. Ne5 Qxd4 10. Bxa8 Qxe5 11. Bf3 g5 12. Nd2 Ba6 13. Nxc4 Qc5 14. b3 Nd5 15. Bb2 Nc6 16. Rfd1 Nb6 17. Rac1 Nxc4 18. bxc4 Na5 19. Bd4 Qxc4 20. Qb1 Qb3 21. Rxc7 Bd8 22. Rxa7 Bc4 23. Bc5 Re8 24. Bxb4 Qxa4 25. Rxf7 1-0

[Event "Pereira Gildardo Garcia Memorial-A"]
[Site "Pereira"]
[Date "2022.05.20"]
[Round "6"]
[White "Obando Guzman, Soren Federico"]
[Black "Rios Parra, Alejandro"]
[Result "1-0"]
[WhiteElo "2041"]
[BlackElo "2220"]
[PlyCount "115"]
[EventDate "2022.05.18"]
[EventType "swiss"]
[EventRounds "10"]
[EventCountry "COL"]
[SourceTitle "CBM 208 Extra"]
[Source "ChessBase"]
[SourceDate "2022.07.31"]
[SourceVersion "1"]
[SourceVersionDate "2022.07.31"]
[SourceQuality "1"]

1. d4 Nf6 2. c4 e6 3. Nf3 d5 4. g3 Be7 5. Bg2 0-0 6. 0-0 c5 7. Nc3 Nc6 8. cxd5 Nxd5 9. Nxd5 exd5 10. dxc5 Bxc5 11. a3 a5 12. b3 Be6 13. Bb2 Qb6 14. Ng5 Rad8 15. Qc2 g6 16. Nxe6 fxe6 17. e3 Be7 18. Rad1 Bf6 19. h4 Ne5 20. Bd4 Qa6 21. e4 Nf3+ 22. Bxf3 Bxd4 23. Rxd4 Rxf3 24. Qd1 Rdf8 25. exd5 e5 26. Rd2 e4 27. Qe2 Qb6 28. Qxe4 Rxg3+ 29. Kh2 Rxb3 30. d6 Rbf3 31. Kg2 R3f7 32. f3 Qb5 33. Rb1 Qd7 34. Rd3 Rc8 35. Re1 b5 36. Qd5 Re8 37. Rc1 Rd8 38. Re3 Qf5 39. Re5 Qf6 40. Re7 Qf5 41. Re5 Qf6 42. Rc6 Kg7 43. h5 gxh5 44. Rxh5 b4 45. Rg5+ Kh8 46. axb4 Rg7 47. Rxg7 Qxg7+ 48. Kf2 Qb2+ 49. Ke3 Re8+ 50. Kd3 Qe2+ 51. Kd4 Qd2+ 52. Kc4 Qxb4+ 53. Kd3 Qa3+ 54. Rc3 Qb2 55. d7 Qe2+ 56. Kd4 Qf2+ 57. Kc4 Qa2+ 58. Kc5 1-0

[Event "COL Subzt 2.3.4"]
[Site "Risarald"]
[Date "2021.11.25"]
[Round "4"]
[White "Obando Guzman, Soren Federico"]
[Black "Carrillo Parra, Miguel Alfredo"]
[Result "1-0"]
[WhiteElo "2020"]
[BlackElo "2167"]
[PlyCount "67"]
[EventDate "2021.11.23"]
[EventType "swiss"]
[EventRounds "9"]
[EventCountry "COL"]
[SourceTitle "CBM 205 Extra"]
[Source "ChessBase"]
[SourceDate "2022.01.31"]
[SourceVersion "1"]
[SourceVersionDate "2022.01.31"]
[SourceQuality "1"]

1. d4 d5 2. c4 e6 3. Nf3 c6 4. Qb3 Nf6 5. g3 dxc4 6. Qxc4 b5 7. Qd3 Bb7 8. Bg2 a6 9. a4 Nbd7 10. 0-0 Bd6 11. Bg5 0-0 12. Nc3 Qb8 13. e4 e5 14. Rfd1 b4 15. Ne2 c5 16. d5 c4 17. Qc2 a5 18. Nh4 Bc5 19. Bh3 Qa7 20. Kg2 Ba6 21. f3 h6 22. Bxf6 Nxf6 23. Nf5 Rad8 24. Qd2 Qb6 25. Rac1 Rfe8 26. Kh1 g6 27. Nxh6+ Kg7 28. Qg5 Rh8 29. Nf5+ Kf8 30. d6 Nh7 31. Qh6+ Ke8 32. Ng7+ Kf8 33. Ne6+ Ke8 34. Nc7+ 1-0

[Event "COL-ch Blitz"]
[Site "Villavicencio"]
[Date "2021.11.15"]
[Round "2"]
[White "Obando Guzman, Soren Federico"]
[Black "Sanchez, Sebastian Felipe"]
[Result "1/2-1/2"]
[WhiteElo "2110"]
[BlackElo "2438"]
[PlyCount "166"]
[EventDate "2021.11.15"]
[EventType "swiss (blitz)"]
[EventRounds "13"]
[EventCountry "COL"]
[SourceTitle "CBM 205 Extra"]
[Source "ChessBase"]
[SourceDate "2022.01.31"]
[SourceVersion "1"]
[SourceVersionDate "2022.01.31"]
[SourceQuality "1"]

1. d4 Nf6 2. c4 e6 3. Nf3 d5 4. g3 Bb4+ 5. Nc3 dxc4 6. Qa4+ Nc6 7. Bg2 Bd7 8. Qc2 Rb8 9. 0-0 0-0 10. Rd1 Be7 11. e4 Re8 12. Bg5 h6 13. Bxf6 Bxf6 14. e5 Be7 15. Ne4 b5 16. b3 Nb4 17. Qe2 cxb3 18. axb3 a6 19. Nc5 Bc8 20. Ne1 Nd5 21. Qc2 Rb6 22. Ned3 b4 23. Ra5 Rf8 24. Rda1 Bb7 25. Nxb7 Rxb7 26. Rxa6 Qd7 27. Nc5 Bxc5 28. Qxc5 Rd8 29. Ra8 Rbb8 30. Rxb8 Rxb8 31. Bxd5 Qxd5 32. Qxd5 exd5 33. Rc1 Ra8 34. Rxc7 Ra3 35. Rc5 Rxb3 36. Rxd5 Rd3 37. Rd8+ Kh7 38. Kg2 b3 39. Rb8 Rxd4 40. Rxb3 Re4 41. Rb5 Kg6 42. Kf3 Re1 43. h4 h5 44. Kf4 Re2 45. f3 Re1 46. Rb6+ Kh7 47. Rb7 Kg6 48. Rb6+ Kh7 49. Kf5 Re3 50. Kf4 Re1 51. Rb4 Kg6 52. Re4 Ra1 53. Rb4 Re1 54. Ra4 Re2 55. Ra6+ Kh7 56. Ra5 Kg6 57. Ra4 Re1 58. Re4 Ra1 59. e6 fxe6 60. Rxe6+ Kf7 61. Re5 g6 62. Rb5 Ra3 63. g4 hxg4 64. fxg4 Kf6 65. Rb6+ Kg7 66. Rb7+ Kf6 67. Rb6+ Kg7 68. Rb4 Ra5 69. g5 Ra1 70. Rb7+ Kg8 71. Ke5 Rf1 72. Rb6 Kg7 73. Rb7+ Kg8 74. Rb8+ Kg7 75. Rb7+ Kg8 76. Rb6 Kg7 77. Rb7+ Kg8 78. Rb6 Rf4 79. Ke6 Kg7 80. Rb7+ Kg8 81. Ke5 Rf2 82. Rb4 Kg7 83. Rf4 Re2+ 1/2-1/2